LEADER 02512oam 2200805zu 450 001 9910140568103321 005 20210807001422.0 010 $a0-470-68461-5 035 $a(CKB)2670000000029014 035 $a(SSID)ssj0000357281 035 $a(PQKBManifestationID)11286651 035 $a(PQKBTitleCode)TC0000357281 035 $a(PQKBWorkID)10352900 035 $a(PQKB)10782004 035 $a(EXLCZ)992670000000029014 100 $a20160829d2010 uy 101 0 $aeng 181 $ctxt 182 $cc 183 $acr 200 10$aBody dysmorphic disorder : a treatment manual 210 31$a[Place of publication not identified]$cWiley Blackwell$d2010 300 $aBibliographic Level Mode of Issuance: Monograph 311 $a0-470-85120-1 606 $aBody dysmorphic disorder$xTreatment$vHandbooks, manuals, etc 606 $aSomatoform Disorders 606 $aObsessive-Compulsive Disorder 606 $aSelf Concept 606 $aBody Image 606 $aMental Disorders 606 $aPerception 606 $aPersonality Development 606 $aAnxiety Disorders 606 $aPersonality 606 $aPsychiatry and Psychology 606 $aMental Processes 606 $aPsychological Phenomena and Processes 606 $aBehavior and Behavior Mechanisms 606 $aPsychiatric Disorders, Individual$2HILCC 606 $aClinical Endocrinology$2HILCC 606 $aMedicine$2HILCC 606 $aPsychiatry$2HILCC 606 $aHealth & Biological Sciences$2HILCC 615 0$aBody dysmorphic disorder$xTreatment 615 2$aSomatoform Disorders 615 2$aObsessive-Compulsive Disorder 615 2$aSelf Concept 615 2$aBody Image 615 2$aMental Disorders 615 2$aPerception 615 2$aPersonality Development 615 2$aAnxiety Disorders 615 2$aPersonality 615 2$aPsychiatry and Psychology 615 2$aMental Processes 615 2$aPsychological Phenomena and Processes 615 2$aBehavior and Behavior Mechanisms 615 7$aPsychiatric Disorders, Individual 615 7$aClinical Endocrinology 615 7$aMedicine 615 7$aPsychiatry 615 7$aHealth & Biological Sciences 676 $a616.85/2 700 $aVeale$b David$0856903 702 $aNeziroglu$b Fugen A 801 0$bPQKB 906 $aBOOK 912 $a9910140568103321 996 $aBody dysmorphic disorder : a treatment manual$92027390 997 $aUNINA LEADER 02180oam 2200613 450 001 9910707041103321 005 20160325114808.0 035 $a(CKB)5470000002461078 035 $a(OCoLC)891382290 035 $a(EXLCZ)995470000002461078 100 $a20140926d1965 ua 0 101 0 $aeng 135 $aurbn||||||||| 181 $ctxt$2rdacontent 182 $cc$2rdamedia 183 $acr$2rdacarrier 200 14$aThe Lexington limestone (Middle Ordovician) of central Kentucky /$fby Douglas F. B. Black, Earle R. Cressman, and William C. MacQuown, Jr. ; prepared in cooperation with the Kentucky Geological Survey 210 1$a[Washington, D.C.] :$cUnited States Department of the Interior, Geological Survey,$d1965. 210 2$aWashington :$cUnited States Government Printing Office. 215 $a1 online resource (iii, 29 pages) $cillustrations 225 1 $aGeological Survey bulletin ;$v1224-C 225 1 $aContributions to stratigraphy 300 $aTitle from title screen (viewed September 15, 2014). 320 $aIncludes bibliographical references (pages 28-29). 517 $aLexington limestone 606 $aGeology$zKentucky 606 $aGeology, Stratigraphic$yOrdovician 606 $aLimestone$zKentucky 606 $aGeology$2fast 606 $aGeology, Stratigraphic$2fast 606 $aLimestone$2fast 606 $aOrdovician Geologic Period$2fast 607 $aKentucky$2fast 615 0$aGeology 615 0$aGeology, Stratigraphic 615 0$aLimestone 615 7$aGeology. 615 7$aGeology, Stratigraphic. 615 7$aLimestone. 615 7$aOrdovician Geologic Period. 700 $aBlack$b Douglas F. B.$01392278 702 $aCressman$b Earle Rupert$f1923- 702 $aMacQuown$b William C.$cJr.$g(William Charles),$f1915-2007, 712 02$aGeological Survey (U.S.), 712 02$aKentucky Geological Survey, 801 0$bCOP 801 1$bCOP 801 2$bOCLCO 801 2$bOCLCF 801 2$bGPO 906 $aBOOK 912 $a9910707041103321 996 $aThe Lexington limestone (Middle Ordovician) of central Kentucky$93529515 997 $aUNINA